Planning and the price mechanism : (Record no. 43736)
[ view plain ]
| 000 -LEADER | |
|---|---|
| fixed length control field | 00787nam a2200253 a 4500 |
| 001 - CONTROL NUMBER | |
| control field | 43736 |
| 003 - CONTROL NUMBER IDENTIFIER | |
| rucl marc code | BD-RjUL |
| 005 - DATE AND TIME OF LATEST TRANSACTION | |
| control field | 20211209053739.0 |
| 008 - FIXED-LENGTH DATA ELEMENTS--GENERAL INFORMATION | |
| fixed length control field | 160627s1948 enk a 000 0 eng d |
| 035 ## - SYSTEM CONTROL NUMBER | |
| System control number | (OCoLC)ocm34315714 |
| System control number | (BD-RjUL) 43854 |
| System control number | (NNC)1787488 |
| 040 ## - CATALOGING SOURCE | |
| Original cataloging agency | PR1 |
| Transcribing agency | PR1 |
| Modifying agency | ZCU |
| Language of cataloging | eng |
| 041 ## - LANGUAGE CODE | |
| Language code of text/sound track or separate title | eng |
| 082 ## - DEWEY DECIMAL CLASSIFICATION NUMBER | |
| Edition number | 23 |
| Classification number | 338.91 |
| Author mark and year | MEP 1957 |
| 100 1# - MAIN ENTRY--PERSONAL NAME | |
| Personal name | Meade, J. E. |
| Fuller form of name | (James Edward), |
| Dates associated with a name | 1907-1995. |
| 9 (RLIN) | 131918 |
| 245 10 - TITLE STATEMENT | |
| Title | Planning and the price mechanism : |
| Remainder of title | the liberal-socialist solution / |
| Statement of responsibility, etc. | Meade, James Edward |
| 260 ## - PUBLICATION, DISTRIBUTION, ETC. (IMPRINT) | |
| Place of publication, distribution, etc. | London : |
| Name of publisher, distributor, etc. | G. Allen & Unwin, |
| Date of publication, distribution, etc. | 1948 [impression 1957] |
| 300 ## - PHYSICAL DESCRIPTION | |
| Pagination | xiv, 130 p. ; |
| Size | 19 cm. |
| 650 #0 - SUBJECT ADDED ENTRY--TOPICAL TERM | |
| Topical term or geographic name as entry element | Economic policy. |
| 9 (RLIN) | 134414 |
| Topical term or geographic name as entry element | Prices. |
| 9 (RLIN) | 134415 |
| 776 1# - ADDITIONAL PHYSICAL FORM ENTRY | |
| Qualifying information | Original |
| Record control number | (DLC) 48025381 |
| 942 ## - ADDED ENTRY ELEMENTS (KOHA) | |
| Source of classification or shelving scheme | Dewey Decimal Classification |
| Koha item type | Books |
| Lost status | Source of classification or shelving scheme | Damaged status | Not for loan | Collection code | Permanent Location | Current Location | Shelving location | Date acquired | Source of acquisition | Cost, normal purchase price | Total Checkouts | Full call number | Date last seen | Copy number | Koha item type |
|---|---|---|---|---|---|---|---|---|---|---|---|---|---|---|---|
| Dewey Decimal Classification | Non-fiction | Central Library, University of Rajshahi | Central Library, University of Rajshahi | 26/01/1963 | Zeithlinger | 10.60 | 338.91 MEP 1957 | 27/06/2016 | C-2 | Books |